Visualizzazione normale
Vista MARC
- Pastorale-familiare
di Topical Term
Records bibliografici associati: 1
001 - CONTROL NUMBER
- control field: 59915
003 - CONTROL NUMBER IDENTIFIER
- control field:
005 - DATE AND TIME OF LATEST TRANSACTION
- control field: 20230418115241.0
008 - FIXED-LENGTH DATA ELEMENTS
- fixed length control field: 230418|| aca||aabn | a|a d
040 ## - CATALOGING SOURCE
- Original cataloging agency:
- Transcribing agency:
150 ## - HEADING--TOPICAL TERM
- Topical term or geographic name entry element: Pastorale-familiare
670 ## - SOURCE DATA FOUND
- Source citation: Work cat.: ()359677: Papa Francesco 59914, Essere famiglia. , 2022